00282 a2200097 450000100060000008200150000610000300002124500910005126000260014230000160016891938 a327.17 SHA aShahid Ahmad Hashmat, Dr. aInternational Conflict Resolution Role of the UN and the OICcHashmat, Dr,Shahid Ahmad aIslamabadbNUSTc2014 axxviii, 277